000 01104nam a2200241Ia 4500
003 Ost
005 20260507075324.0
008 260507s9999||||xx |||||||||||||| ||und||
020 _a6038799539
040 _cfsecg
041 _aara
082 _a327.51
100 _aألدن، كريس
_eمؤلف
245 0 _aالصين في افريقيا :
_bشريك أم منافس /
_c كريس ألدن
260 _aبيروت:
_bالدار العربية للعلوم ناشرون,
_c2009
300 _a197 صفحة؛
_c22 سم
520 _aسياسة الصين الجديدة تجاه افريقيا، الصينيون في افريقيا : رأسماليون، رافق أم انتهازيون، ردود الفعل الغربية تجاه الصين و توطيد العلاقة الصينية الافريقية
653 _aإفريقيا والصين- الإقتصاد
653 _aالصين- الإقتصاد
653 _aالصين- العلاقات الإقتصادية الدولية
700 _aالمتلوثي، عثمان جبالي
_eمؤلف ثانوي
942 _cكتاب
999 _c43956
_d43956